Cudzie jazyky v premenách času XIII recenzovaný zborník príspevkov z medzinárodnej vedeckej konferencie, 11. November 2022

Enregistré dans:
Détails bibliographiques
Collectivités auteurs: Cudzie jazyky v premenách času XIII.. Medzinárodná vedecká konferencia, Ekonomická univerzita v Bratislave. Fakulta aplikovaných jazykov
Autres auteurs: Pavlíková, Žaneta, 1973-, Gašová, Zuzana, 1977-, Seresová, Katarína, 1967-, Spišiaková, Mária, 1973-
Format: Livre
Langue:slovaque
anglais
allemand
espagnol
Publié: Bratislava Vydavateľstvo EKONÓM 2023
Édition:1. vydanie
Sujets:
Tags: Ajouter un tag
Pas de tags, Soyez le premier à ajouter un tag!

MARC

LEADER 00000nlm a2200000 4500
001 0297267
005 20250117083747.5
020 |a 978-80-225-5109-0 
041 0 |a slo 
041 0 |a eng 
041 0 |a ger 
041 0 |a spa 
044 |a SK 
245 1 0 |a Cudzie jazyky v premenách času XIII  |b recenzovaný zborník príspevkov z medzinárodnej vedeckej konferencie, 11. November 2022  |c zostavovateľ / Editor: Žaneta Pavlíková ; recenzenti / Editorial Consultants: Zuzana Gašová, Katarína Seresová, Mária Spišiaková ... [et al.] 
250 |a 1. vydanie 
264 1 |a Bratislava  |b Vydavateľstvo EKONÓM  |c 2023 
300 |a 279 s. [23,8 AH] 
610 2 0 |a jazyky cudzie 
610 2 0 |a jazykoveda 
610 2 0 |a didaktika 
610 2 0 |a pedagogika 
610 2 0 |a komunikácia interkultúrna 
610 2 0 |a preklady 
610 2 0 |a kultúra 
700 1 |a Pavlíková, Žaneta, 1973- 
700 1 |a Gašová, Zuzana, 1977- 
700 1 |a Seresová, Katarína, 1967- 
700 1 |a Spišiaková, Mária, 1973- 
110 2 |a Cudzie jazyky v premenách času XIII.. Medzinárodná vedecká konferencia 
710 2 |a Ekonomická univerzita v Bratislave. Fakulta aplikovaných jazykov